| 000 | 00000nam##2200000za#4500 |
| 001 | 9.641591 |
| 003 | CaOODSP |
| 005 | 20210624223307 |
| 007 | cr ||||||||||| |
| 008 | 150407|1965||||xxc|||||o f|0| 0 fre|d |
| 040 | |aCaOODSP|bfre |
| 043 | |an-cn--- |
| 086 | 1 |aA43-627/1965F-PDF |
| 110 | 1 |aCanada.|bAgriculture Canada. |bDirection générale de recherche. |
| 245 | 10|aEntretien des ustensiles laitiers de la ferme / |h[ressource électronique]|c[par] C.K. Johns, Institut de recherches sur les aliments, Ferme expérimentale centrale, Ottawa. |
| 246 | 14|aEntretien des ustensiles laitiers sur la ferme |
| 250 | |aRévisé |
| 260 | |aOttawa - Ontario : |bAgriculture Canada. |c1965. |
| 300 | |a12p.|bréférences, photographies |
| 500 | |aPublication historique numérisée par Agriculture et Agroalimentaire Canada. Éd. originale : 1952. |
| 590 | |a13-17-Supp|b2013-07-25 |
| 691 | 07|aHygiène|2gcpds |
| 691 | 07|aIndustrie laitière|2gcpds |
| 775 | 08|tCare of farm dairy equipment / |w(CaOODSP)9.698212 |
| 856 | 40|ahttp://publications.gc.ca|qPDF|s1,020 Ko|uhttps://publications.gc.ca/collections/collection_2013/aac-aafc/agrhist/A43-627-1965-fra.pdf |
| 986 | |a627 |